00919nam a22002417a 4500003000400000005001700004008004100021020002100062040002900083050002500112100001700137245004800154250001000202260008400212300000800296650005000304650004400354700005000398700005100448942002200499952013900521999001700660OSt20260512093502.0260512b |||||||| |||| 00| 0 eng d a978-1337-40629-1 cChuka University Library aRC 455. C67 2019 C.2 aCorey Gerald aIssues & Ethics IN THE HELPING PROFFESSIONS aTENTH aAustralia Brazil Singapore united Kingdom United StatesbCENGAGE Learningc2019 a522 aPsychotherapists Professional Ethics 924190 aCounsellors Professional Ethics924191 aMarianne Schneider Corey (Consultant )924192 aCindy Corey (Multicultural Consultant )924193 2lcccBKeTenthn0 00102lcc40708LGLaCHKbCHKcGENd2026-05-12l0oRC 455 .2 C67 2019 p29082/2025r2026-05-12 09:37:33tC.2v6817.83w2026-05-12yBK c21939d21939